[Event "POL-chT 1st League"]
[Site "Pokrzywna"]
[Date "2018.09.08"]
[Round "8.5"]
[White "Koziol, Kamil"]
[Black "Musialkiewicz, Jan"]
[Result "0-1"]
[WhiteElo "2290"]
[BlackElo "2244"]
[PlyCount "140"]
[EventDate "2018.09.01"]
[EventType "team-tourn"]
[EventRounds "9"]
[EventCountry "POL"]
[SourceTitle "CBM 186 Extra"]
[Source "ChessBase"]
[SourceDate "2018.08.24"]
[SourceVersion "1"]
[SourceVersionDate "2018.08.24"]
[SourceQuality "1"]
[WhiteTeam "Rybnik"]
[BlackTeam "Chrobry Gniezno"]
[WhiteTeamCountry "POL"]
[BlackTeamCountry "POL"]

1. e4 c5 2. Nf3 d6 3. d4 cxd4 4. Nxd4 Nf6 5. Nc3 a6 6. f4 e5 7. Nf3 Nbd7 8. a4 Be7 9. Bd3 0-0 10. 0-0 exf4 11. Bxf4 Ne5 12. Nxe5 dxe5 13. Bxe5 Ng4 14. Bf4 Bc5+ 15. Kh1 Nf2+ 16. Rxf2 Bxf2 17. Qf3 Bd4 18. Nd5 Be6 19. c3 Bc5 20. Rf1 Bxd5 21. exd5 Bd6 22. Be3 g6 23. Bd4 f5 24. g3 Qd7 25. a5 Rac8 26. b4 Rfe8 27. g4 fxg4 28. Qf6 Be5 29. Bxe5 Qxd5+ 30. Kg1 Qxe5 31. Bc4+ Rxc4 32. Qf7+ Kh8 33. Qxc4 g3 34. h3 Rd8 35. Qf4 Qxc3 36. Qf6+ Qxf6 37. Rxf6 Kg7 38. Rb6 h5 39. Rxb7+ Kh6 40. Kg2 h4 41. b5 axb5 42. Rxb5 Rd2+ 43. Kg1 Ra2 44. Rc5 g5 45. Rb5 Kg6 46. Rb6+ Kf7 47. Rb7+ Ke6 48. Rb6+ Kd7 49. Rb7+ Kc6 50. Rb6+ Kc7 51. Rb4 Rxa5 52. Rb2 Kd6 53. Kg2 Ke5 54. Kf3 Kf5 55. Rb3 Ra2 56. Rb5+ Kg6 57. Kg4 Ra4+ 58. Kf3 Rf4+ 59. Kg2 Rf2+ 60. Kg1 Rh2 61. Rb6+ Kh5 62. Rb4 Rxh3 63. Rb1 Rh2 64. Ra1 Rb2 65. Rc1 h3 66. Ra1 Rg2+ 67. Kh1 Rf2 68. Kg1 h2+ 69. Kh1 g2+ 70. Kxh2 Rf1 0-1

[Event "POL-chT 1st League"]
[Site "Pokrzywna"]
[Date "2018.09.06"]
[Round "6.4"]
[White "Licznerski, Lukasz"]
[Black "Musialkiewicz, Jan"]
[Result "1-0"]
[WhiteElo "2277"]
[BlackElo "2244"]
[PlyCount "69"]
[EventDate "2018.09.01"]
[EventType "team-tourn"]
[EventRounds "9"]
[EventCountry "POL"]
[SourceTitle "CBM 186 Extra"]
[Source "ChessBase"]
[SourceDate "2018.08.24"]
[SourceVersion "1"]
[SourceVersionDate "2018.08.24"]
[SourceQuality "1"]
[WhiteTeam "Gostynin Gostmat 83"]
[BlackTeam "Chrobry Gniezno"]
[WhiteTeamCountry "POL"]
[BlackTeamCountry "POL"]

1. e4 c5 2. Nf3 d6 3. Bb5+ Nd7 4. c3 Ngf6 5. Qe2 a6 6. Ba4 Qc7 7. 0-0 b5 8. Bc2 Bb7 9. d4 e5 10. a4 cxd4 11. cxd4 Be7 12. axb5 axb5 13. Na3 b4 14. Nb5 Qb8 15. Bd2 b3 16. Bxb3 Bxe4 17. Bxf7+ Kxf7 18. Ng5+ Kf8 19. Nxe4 Nxe4 20. Qxe4 Rxa1 21. Rxa1 Qxb5 22. Ra8+ Nb8 23. Qf5+ Ke8 24. Qc8+ Kf7 25. Qxh8 Qxb2 26. Qxb8 Qxd2 27. Qb3+ Kg6 28. Qb1+ Kh6 29. dxe5 dxe5 30. Ra2 Qd4 31. g3 Bc5 32. Qc1+ Kg6 33. Ra6+ Kh5 34. Qc2 g6 35. Ra4 1-0

[Event "POL-chT 1st League"]
[Site "Pokrzywna"]
[Date "2018.09.03"]
[Round "3.4"]
[White "Musialkiewicz, Jan"]
[Black "Simantsev, Mikhail"]
[Result "0-1"]
[WhiteElo "2244"]
[BlackElo "2445"]
[PlyCount "78"]
[EventDate "2018.09.01"]
[EventType "team-tourn"]
[EventRounds "9"]
[EventCountry "POL"]
[SourceTitle "CBM 186 Extra"]
[Source "ChessBase"]
[SourceDate "2018.08.24"]
[SourceVersion "1"]
[SourceVersionDate "2018.08.24"]
[SourceQuality "1"]
[WhiteTeam "Chrobry Gniezno"]
[BlackTeam "Znin Baszta"]
[WhiteTeamCountry "POL"]
[BlackTeamCountry "POL"]

1. e4 c5 2. Nf3 e6 3. c4 Nc6 4. Nc3 Nd4 5. d3 Ne7 6. g3 Nec6 7. Bg2 Be7 8. 0-0 0-0 9. Nxd4 cxd4 10. Ne2 Rb8 11. f4 b5 12. b3 a5 13. g4 bxc4 14. bxc4 e5 15. Ng3 g6 16. g5 exf4 17. Bxf4 d6 18. Qd2 Ne5 19. Rab1 Bg4 20. h3 Bd7 21. Rxb8 Qxb8 22. Ne2 Qb6 23. Nc1 a4 24. Qf2 Be6 25. Qg3 Qc5 26. h4 Rb8 27. Bh3 Bxh3 28. Qxh3 Rb2 29. h5 Bxg5 30. h6 Bxf4 31. Rxf4 Rb1 32. Rf1 Qc7 33. Qh4 Rxc1 34. Qf6 Rxf1+ 35. Kxf1 Kf8 36. Qg7+ Ke7 37. Qxh7 Qc8 38. Qg7 Qh3+ 39. Kg1 Ng4 0-1

[Event "POL-chT 1st League"]
[Site "Pokrzywna"]
[Date "2018.09.01"]
[Round "1.5"]
[White "Musialkiewicz, Jan"]
[Black "Wiewiora, Eneasz"]
[Result "1/2-1/2"]
[WhiteElo "2244"]
[BlackElo "2343"]
[PlyCount "82"]
[EventDate "2018.09.01"]
[EventType "team-tourn"]
[EventRounds "9"]
[EventCountry "POL"]
[SourceTitle "CBM 186 Extra"]
[Source "ChessBase"]
[SourceDate "2018.08.24"]
[SourceVersion "1"]
[SourceVersionDate "2018.08.24"]
[SourceQuality "1"]
[WhiteTeam "Chrobry Gniezno"]
[BlackTeam "Pawlowice Gminy"]
[WhiteTeamCountry "POL"]
[BlackTeamCountry "POL"]

1. e4 d6 2. d4 Nf6 3. Nc3 e5 4. dxe5 dxe5 5. Qxd8+ Kxd8 6. Bg5 Be6 7. g3 Bb4 8. 0-0-0+ Kc8 9. Bxf6 gxf6 10. f4 Bxc3 11. bxc3 Nc6 12. Bh3 Re8 13. Rf1 Kd8 14. fxe5 Nxe5 15. Bxe6 Rxe6 16. Nf3 Nxf3 17. Rxf3 Ke7 18. Rhf1 Rg8 19. Rf4 Rg5 20. R1f3 Rh5 21. Rf2 Ra5 22. Rf5 Rxa2 23. e5 Rxe5 24. Rxf6 Ke8 25. Rxf7 Re7 26. Rf8+ Kd7 27. Rd2+ Kc6 28. Kb1 Ra5 29. Rf6+ Kb5 30. Rf1 c5 31. Rdf2 Ra6 32. Rf7 Rae6 33. R1f6 b6 34. Kb2 Re2 35. Rxe7 Rxe7 36. Rh6 Kc4 37. Rh5 Rg7 38. Rf5 Kb5 39. Rf6 Kc4 40. Rf5 Kb5 41. Rf6 Kc4 1/2-1/2

[Event "POL-chT 1st League"]
[Site "Poronin"]
[Date "2017.09.02"]
[Round "1.5"]
[White "Orzech, Dominik"]
[Black "Musialkiewicz, Jan"]
[Result "1-0"]
[WhiteElo "2380"]
[BlackElo "2266"]
[PlyCount "89"]
[EventDate "2017.09.02"]
[EventType "team-tourn"]
[EventRounds "9"]
[EventCountry "POL"]
[SourceTitle "CBM 180 Extra"]
[Source "ChessBase"]
[SourceDate "2017.10.06"]
[SourceVersion "1"]
[SourceVersionDate "2017.10.06"]
[SourceQuality "1"]
[WhiteTeam "Lodz Okucia Budowlane"]
[BlackTeam "Chrobry Gniezno"]
[WhiteTeamCountry "POL"]
[BlackTeamCountry "POL"]

1. d4 d5 2. Nf3 c6 3. c4 Nf6 4. Nc3 e6 5. cxd5 exd5 6. Bg5 Be7 7. Qc2 g6 8. e4 dxe4 9. Bxf6 Bxf6 10. Qxe4+ Qe7 11. Bc4 Bf5 12. Qe3 Nd7 13. 0-0 0-0 14. Qf4 Qb4 15. Bb3 Rae8 16. Rfe1 Be6 17. Bxe6 fxe6 18. Ne4 Bxd4 19. Qd6 Qxd6 20. Nxd6 Rxf3 21. gxf3 Re7 22. Re4 c5 23. Rae1 Nf8 24. R1e2 a6 25. b4 Rd7 26. bxc5 Bxc5 27. Nc4 Rd5 28. Re5 Kf7 29. Rxd5 exd5 30. Ne5+ Kg7 31. Nd3 b6 32. Re5 Kf6 33. Rxd5 Ke6 34. Rd8 Bd6 35. Nb2 Nd7 36. Nc4 Bc5 37. Re8+ Kd5 38. Ne3+ Kc6 39. Kf1 Kb5 40. Re4 a5 41. Ke2 Bb4 42. Nd5 Bd6 43. h4 Nc5 44. Re8 Kc6 45. Nf6 1-0

[Event "POL-chT 1st League"]
[Site "Poronin"]
[Date "2016.09.07"]
[Round "5.1"]
[White "Musialkiewicz, Jan"]
[Black "Polok, Kacper"]
[Result "1/2-1/2"]
[WhiteElo "2264"]
[BlackElo "2299"]
[PlyCount "115"]
[EventDate "2016.09.03"]
[EventType "team-tourn"]
[EventRounds "9"]
[EventCountry "POL"]
[SourceTitle "CBM 174 Extra"]
[Source "ChessBase"]
[SourceDate "2016.10.10"]
[SourceVersion "1"]
[SourceVersionDate "2016.10.10"]
[SourceQuality "1"]
[WhiteTeam "Gniezno LKS Chrobry"]
[BlackTeam "Raciborz Silesia"]
[WhiteTeamCountry "POL"]
[BlackTeamCountry "POL"]

1. c4 e5 2. Nc3 Nf6 3. g3 c6 4. Bg2 d5 5. cxd5 cxd5 6. Qb3 Nc6 7. d3 Nd4 8. Qd1 Bc5 9. Bg5 Be6 10. e3 Nf5 11. Nge2 d4 12. exd4 exd4 13. Ne4 Bb4+ 14. Kf1 Be7 15. Bxf6 Bxf6 16. Nf4 0-0 17. Nxe6 fxe6 18. Qb3 Qe7 19. Bh3 Kh8 20. Kg2 Bg5 21. Rhf1 Bh6 22. Rae1 e5 23. Qd5 Rad8 24. Qc5 b6 25. Qxe7 Nxe7 26. Be6 Nc6 27. Re2 Nb4 28. Bc4 a6 29. a3 b5 30. Bxb5 axb5 31. axb4 g6 32. Nc5 Rfe8 33. Rfe1 Rd5 34. f4 Bg7 35. Re4 Kg8 36. fxe5 Rexe5 37. Ra1 Rd8 38. Ra7 Rxe4 39. Nxe4 Rc8 40. Nc5 Bf8 41. Ne6 Re8 42. Nxd4 Re3 43. Ra8 Kf7 44. Ra7+ Kg8 45. Nxb5 Rxd3 46. Nc3 Bg7 47. Ne4 h6 48. b5 Rd4 49. Kf3 Rb4 50. Rb7 Rxb2 51. h4 Be5 52. b6 Rb3+ 53. Ke2 Bd4 54. Rb8+ Kf7 55. Nd6+ Ke6 56. b7 Kxd6 57. Rd8+ Kc7 58. Rxd4 1/2-1/2

[Event "POL-chT"]
[Site "Poland"]
[Date "2015.10.03"]
[Round "8.1"]
[White "Czarnota, Pawel"]
[Black "Musialkiewicz, Jan"]
[Result "1-0"]
[WhiteElo "2523"]
[BlackElo "2250"]
[PlyCount "51"]
[EventDate "2015.05.08"]
[EventType "team-tourn"]
[EventRounds "9"]
[EventCountry "POL"]
[SourceTitle "EXT 2017"]
[Source "ChessBase"]
[SourceDate "2016.10.25"]
[SourceVersion "1"]
[SourceVersionDate "2016.10.25"]
[SourceQuality "1"]
[WhiteTeam "Grudziadz Rotmistrz"]
[BlackTeam "Chrobry Gniezno "]
[WhiteTeamCountry "POL"]
[BlackTeamCountry "POL"]

1. e4 c5 2. Nf3 d6 3. d4 cxd4 4. Nxd4 Nf6 5. Nc3 a6 6. Be2 e6 7. 0-0 Be7 8. f4 0-0 9. Kh1 Qc7 10. a4 Nc6 11. Be3 Re8 12. Bd3 Bf8 13. Qf3 g6 14. e5 Nd7 15. Ne4 Nxd4 16. Bxd4 d5 17. Ng5 Be7 18. Qh3 Nf8 19. Qh6 Bxg5 20. fxg5 Bd7 21. b4 Rec8 22. Rf4 Qd8 23. Raf1 Be8 24. Rh4 Bxa4 25. Bxg6 Bxc2 26. Rxf7 1-0

[Event "POL-chT"]
[Site "Poland"]
[Date "2015.09.05"]
[Round "5.1"]
[White "Musialkiewicz, Jan"]
[Black "Jaracz, Pawel"]
[Result "0-1"]
[WhiteElo "2250"]
[BlackElo "2508"]
[PlyCount "94"]
[EventDate "2015.05.08"]
[EventType "team-tourn"]
[EventRounds "9"]
[EventCountry "POL"]
[SourceTitle "EXT 2016"]
[Source "ChessBase"]
[SourceDate "2015.10.08"]
[SourceVersion "1"]
[SourceVersionDate "2015.10.08"]
[SourceQuality "1"]
[WhiteTeam "Chrobry Gniezno "]
[BlackTeam "Znin Baszta"]
[WhiteTeamCountry "POL"]
[BlackTeamCountry "POL"]

1. e4 c6 2. Nf3 d5 3. Nc3 dxe4 4. Nxe4 h6 5. d4 Bf5 6. Ng3 Bh7 7. Bd3 Bxd3 8. Qxd3 e6 9. Bf4 Nf6 10. 0-0-0 Be7 11. Rhe1 0-0 12. Qb3 Qb6 13. Nf5 exf5 14. Bxb8 Qxb3 15. axb3 Bb4 16. c3 Bxc3 17. bxc3 Raxb8 18. Ne5 Rfe8 19. Kc2 Re6 20. Nd3 Rbe8 21. h3 Rxe1 22. Rxe1 Rxe1 23. Nxe1 Kf8 24. Nd3 Ke7 25. Nc5 b6 26. Nd3 Nd7 27. c4 a5 28. Kc3 b5 29. Kc2 Kd6 30. Kc3 g5 31. Kc2 f6 32. Nb2 Nf8 33. Kd3 Ne6 34. g3 h5 35. Nd1 a4 36. bxa4 bxa4 37. Ne3 f4 38. Nf5+ Kd7 39. Kc3 fxg3 40. fxg3 c5 41. d5 Nd4 42. Ng7 Ne2+ 43. Kb2 Nxg3 44. Ka3 h4 45. Ne6 Ne4 46. Kxa4 g4 47. Nf4 Nf2 0-1

[Event "POL-chT1"]
[Site "Poronin"]
[Date "2014.09.01"]
[Round "2.3"]
[White "Musialkiewicz, Jan"]
[Black "Kriebel, Tadeas"]
[Result "0-1"]
[WhiteElo "2286"]
[BlackElo "2418"]
[PlyCount "70"]
[EventDate "2014.08.31"]
[EventType "team-tourn"]
[EventRounds "9"]
[EventCountry "POL"]
[SourceTitle "CBM 162 Extra"]
[Source "ChessBase"]
[SourceDate "2014.10.17"]
[SourceVersion "1"]
[SourceVersionDate "2014.10.17"]
[SourceQuality "1"]
[WhiteTeam "Gniezno LKS Chrobry"]
[BlackTeam "Legnica Miedz"]
[WhiteTeamCountry "POL"]
[BlackTeamCountry "POL"]

1. Nf3 d5 2. d4 e6 3. c4 Nf6 4. Nc3 Be7 5. cxd5 exd5 6. Bg5 c6 7. Qc2 Na6 8. e3 Nb4 9. Qb1 g6 10. Qd1 Bf5 11. Rc1 a5 12. a3 Na6 13. Qb3 Ra7 14. Ne5 Nb8 15. Be2 0-0 16. g4 Be6 17. h4 Nbd7 18. Nxd7 Nxd7 19. f4 Re8 20. Kd2 b5 21. Qc2 Nb6 22. Rce1 b4 23. Na4 Nc4+ 24. Bxc4 dxc4 25. Nc5 Qd5 26. Bxe7 Raxe7 27. Ne4 Kg7 28. Nf2 c5 29. Kc1 bxa3 30. dxc5 a2 31. Qc3+ Kg8 32. Kc2 Bxg4 33. e4 Bf5 34. b3 Bxe4+ 35. Kb2 Bxh1 0-1

[Event "EU-ch rapid"]
[Site "Warsaw"]
[Date "2013.12.15"]
[Round "11"]
[White "Musialkiewicz, Jan"]
[Black "Kula, Robert"]
[Result "0-1"]
[WhiteElo "2298"]
[BlackElo "2319"]
[PlyCount "172"]
[EventDate "2013.12.14"]
[EventType "swiss (rapid)"]
[EventRounds "11"]
[EventCountry "POL"]
[SourceTitle "CBM 157 Extra"]
[Source "ChessBase"]
[SourceDate "2013.12.19"]
[SourceVersion "1"]
[SourceVersionDate "2013.12.19"]
[SourceQuality "1"]

1. e4 c5 2. Nf3 Nc6 3. d4 cxd4 4. Nxd4 Nf6 5. Nc3 g6 6. Nxc6 bxc6 7. e5 Ng8 8. Bc4 Bg7 9. Bf4 f6 10. Qf3 fxe5 11. Bxe5 Nf6 12. 0-0-0 Qa5 13. Rhe1 Rf8 14. Qe2 d5 15. Bd6 e6 16. Bxf8 Kxf8 17. Bb3 Bd7 18. Qe5 Qc5 19. Na4 Qe7 20. Qc7 Qb4 21. a3 Qb5 22. Qd6+ Kf7 23. Qc5 Qb8 24. g3 Bf8 25. Qe3 Qd6 26. Qe5 Qxe5 27. Rxe5 c5 28. Nc3 Rb8 29. f4 Bd6 30. Ree1 a6 31. Ba4 Bb5 32. b3 Be7 33. Bxb5 axb5 34. Kb2 Nd7 35. Ne4 h6 36. Nf2 Bf6+ 37. Ka2 h5 38. Nd3 Bc3 39. Re3 Bd4 40. Rf3 Ke7 41. Re1 Kd6 42. Ne5 c4 43. b4 Nf8 44. c3 Bb6 45. g4 hxg4 46. Nxg4 Rb7 47. Ne5 Rh7 48. Re2 Ke7 49. a4 bxa4 50. Ka3 Kf6 51. Nc6 Rc7 52. Ne5 Ra7 53. Rh3 Bc7 54. Rh8 Kg7 55. Rh3 Kf6 56. Rg2 Bxe5 57. fxe5+ Kxe5 58. Rh8 Rf7 59. Kxa4 Kd6 60. Kb5 e5 61. Ra2 e4 62. Ra8 Ne6 63. Ra6+ Ke5 64. Re8 Rf6 65. Kc6 Kf5 66. Kb7 e3 67. b5 Nc5+ 68. Kc7 Nxa6+ 69. bxa6 Rxa6 70. Rxe3 Re6 71. Rg3 g5 72. Kd7 Rh6 73. h3 Rg6 74. Rg4 Ke5 75. Kc7 Kf5 76. Kd7 Rh6 77. Rg3 Ke4 78. Rg4+ Kd3 79. Rxg5 Kxc3 80. Rxd5 Kb3 81. Rb5+ Kc2 82. h4 Rxh4 83. Kc6 c3 84. Rb8 Rh5 85. Rb7 Kc1 86. Rb8 c2 0-1

[Event "EU-ch rapid"]
[Site "Warsaw"]
[Date "2013.12.14"]
[Round "7"]
[White "Musialkiewicz, Jan"]
[Black "Kuzmicz, Krystian"]
[Result "0-1"]
[WhiteElo "2298"]
[BlackElo "2451"]
[PlyCount "58"]
[EventDate "2013.12.14"]
[EventType "swiss (rapid)"]
[EventRounds "11"]
[EventCountry "POL"]
[SourceTitle "CBM 157 Extra"]
[Source "ChessBase"]
[SourceDate "2013.12.19"]
[SourceVersion "1"]
[SourceVersionDate "2013.12.19"]
[SourceQuality "1"]

1. e4 c5 2. Nf3 e6 3. c4 Nc6 4. Nc3 e5 5. d3 g6 6. g3 Bg7 7. Bg2 Nge7 8. 0-0 d6 9. Be3 0-0 10. Qd2 f5 11. Bg5 Be6 12. Nd5 Qd7 13. Ne1 Rf7 14. Nc2 Raf8 15. Bh3 h6 16. Bxe7 Nxe7 17. Nce3 f4 18. Nxe7+ Rxe7 19. Bxe6+ Qxe6 20. Nd5 Ref7 21. Kg2 h5 22. f3 g5 23. h3 g4 24. hxg4 hxg4 25. Qe2 fxg3 26. Kxg3 gxf3 27. Qh2 f2 28. Qh5 Bh8 29. Qg4+ Rg7 0-1

[Event "EU-ch blitz"]
[Site "Warsaw"]
[Date "2013.12.13"]
[Round "2.1"]
[White "Tkachiev, Vladislav"]
[Black "Musialkiewicz, Jan"]
[Result "1/2-1/2"]
[WhiteElo "2637"]
[BlackElo "2298"]
[PlyCount "80"]
[EventDate "2013.12.13"]
[EventType "swiss (blitz)"]
[EventRounds "11"]
[EventCountry "POL"]
[SourceTitle "CBM 157 Extra"]
[Source "ChessBase"]
[SourceDate "2013.12.19"]
[SourceVersion "1"]
[SourceVersionDate "2013.12.19"]
[SourceQuality "1"]

1. Nf3 Nf6 2. g3 d5 3. Bg2 c6 4. d3 g6 5. 0-0 Bg7 6. Nbd2 Bg4 7. e4 0-0 8. Re1 e6 9. Qe2 Re8 10. h3 Bxf3 11. Nxf3 Na6 12. e5 Nd7 13. d4 c5 14. c3 cxd4 15. cxd4 Rc8 16. Be3 Qb6 17. h4 Nb4 18. Rec1 Qa6 19. Qd2 Nc6 20. h5 Ne7 21. Bh3 Rxc1+ 22. Rxc1 Rc8 23. Rxc8+ Nxc8 24. b3 Ne7 25. Bh6 Bxh6 26. Qxh6 Qe2 27. hxg6 hxg6 28. Bg4 Qxa2 29. Qf4 Nf5 30. Bxf5 exf5 31. e6 fxe6 32. Qd6 Nf8 33. Qe7 Qb1+ 34. Kh2 Qf1 35. Ne5 Qxf2+ 36. Kh1 Qf1+ 37. Kh2 Qf2+ 38. Kh3 Qf1+ 39. Kh2 Qf2+ 40. Kh3 Qf1+ 1/2-1/2

[Event "POL-chT2"]
[Site "Poronin"]
[Date "2013.09.12"]
[Round "6.15"]
[White "Paterek, Michal"]
[Black "Musialkiewicz, Jan"]
[Result "0-1"]
[WhiteElo "2319"]
[BlackElo "2266"]
[PlyCount "80"]
[EventDate "2013.09.06"]
[EventType "team-swiss"]
[EventRounds "9"]
[EventCountry "POL"]
[SourceTitle "EXT 2015"]
[Source "ChessBase"]
[SourceDate "2014.11.20"]
[SourceVersion "1"]
[SourceVersionDate "2014.11.20"]
[SourceQuality "1"]
[WhiteTeam "Gostynin Gostmat 83"]
[BlackTeam "Gniezno LKS Chrobry"]
[WhiteTeamCountry "POL"]
[BlackTeamCountry "POL"]

1. Nf3 c5 2. g3 Nc6 3. Bg2 g6 4. c3 Bg7 5. d4 cxd4 6. cxd4 Nf6 7. Nc3 d5 8. 0-0 0-0 9. Ne5 Be6 10. Nxc6 bxc6 11. Na4 Qc8 12. Re1 Bh3 13. Bh1 Nd7 14. Bf4 Re8 15. Rc1 Qb7 16. e4 Rac8 17. exd5 cxd5 18. Rxc8 Rxc8 19. Rxe7 Qb4 20. Re3 Qxa4 21. b3 Qxd4 22. Rd3 Qa1 23. Bxd5 Nb6 24. Bb7 Re8 25. Qxa1 Bxa1 26. Be3 Bf6 27. a4 Rb8 28. Be4 Nxa4 29. Bxa7 Re8 30. f3 Nc3 31. b4 Nxe4 32. fxe4 Rxe4 33. b5 Rb4 34. b6 Bf5 35. Rd1 Be4 36. Kf1 Rb2 37. h4 Kg7 38. Rd6 Be5 39. Rd7 Bxg3 40. h5 Bf3 0-1

[Event "POL-chT2"]
[Site "Poronin"]
[Date "2013.09.07"]
[Round "1"]
[White "Smagalski, Slawomir"]
[Black "Musialkiewicz, Jan"]
[Result "0-1"]
[WhiteElo "2004"]
[BlackElo "2266"]
[PlyCount "84"]
[EventDate "2013.09.06"]
[EventType "team-swiss"]
[EventRounds "9"]
[EventCountry "POL"]
[SourceTitle "EXT 2015"]
[Source "ChessBase"]
[SourceDate "2014.11.20"]
[SourceVersion "1"]
[SourceVersionDate "2014.11.20"]
[SourceQuality "1"]
[WhiteTeam "Konin Hetman"]
[BlackTeam "Gniezno LKS Chrobry"]
[WhiteTeamCountry "POL"]
[BlackTeamCountry "POL"]

1. Nf3 c5 2. c4 Nc6 3. g3 g6 4. Bg2 Bg7 5. 0-0 e5 6. Nc3 Nge7 7. d3 0-0 8. Bd2 d6 9. a3 h6 10. Rb1 a5 11. Ne1 Be6 12. Nc2 d5 13. cxd5 Nxd5 14. Ne3 Nde7 15. Nc4 Rb8 16. Nb5 b6 17. Bc3 Qd7 18. a4 Nd4 19. Nba3 h5 20. h4 Rfd8 21. Nxb6 Rxb6 22. Bxa5 Bb3 23. Qd2 Ra6 24. Bxd8 Qxd8 25. Rfc1 Ba2 26. Qd1 Bxb1 27. Rxb1 Nec6 28. Nb5 Nb4 29. Rc1 Bf8 30. Nc3 Bh6 31. e3 Nf5 32. Bf1 Nxe3 33. fxe3 Bxe3+ 34. Kh2 Bxc1 35. Qxc1 Nxd3 36. Qe3 c4 37. b3 Rf6 38. Ne4 Rxf1 39. bxc4 Qd4 40. Qe2 Qg1+ 41. Kh3 Qh1+ 42. Qh2 Qxe4 0-1

[Event "Rewal op-A 18th"]
[Site "Rewal"]
[Date "2013.08.27"]
[Round "7"]
[White "Musialkiewicz, Jan"]
[Black "Kaczmarek, Aleksander"]
[Result "1/2-1/2"]
[WhiteElo "2266"]
[BlackElo "2147"]
[PlyCount "44"]
[EventDate "2013.08.20"]
[EventType "swiss"]
[EventRounds "9"]
[EventCountry "POL"]
[SourceTitle "CBM 156 Extra"]
[Source "ChessBase"]
[SourceDate "2013.10.22"]
[SourceVersion "1"]
[SourceVersionDate "2013.10.22"]
[SourceQuality "1"]

1. d4 c5 2. d5 d6 3. c4 g6 4. Nc3 Bg7 5. g3 e6 6. Bg2 exd5 7. Nxd5 Nc6 8. Nf3 h6 9. 0-0 Nge7 10. Bf4 Nf5 11. Qd2 g5 12. e4 Nfd4 13. Be3 Bg4 14. Bxd4 Nxd4 15. Nxd4 Bxd4 16. Kh1 h5 17. f4 h4 18. gxh4 gxf4 19. Qxf4 Be6 20. Bh3 Be5 21. Qf2 Bd4 22. Qf4 Be5 1/2-1/2

[Event "Olsztyn op U18 blitz"]
[Site "Olsztyn"]
[Date "2013.08.04"]
[Round "18"]
[White "Musialkiewicz, Jan"]
[Black "Drozdowski, Kacper"]
[Result "1-0"]
[WhiteElo "2266"]
[BlackElo "2437"]
[PlyCount "119"]
[EventDate "2013.08.03"]
[EventType "swiss (blitz)"]
[EventRounds "22"]
[EventCountry "POL"]
[SourceTitle "CBM 155 Extra"]
[Source "ChessBase"]
[SourceDate "2013.08.26"]
[SourceVersion "1"]
[SourceVersionDate "2013.08.26"]
[SourceQuality "1"]

1. e4 Nf6 2. e5 Nd5 3. d4 d6 4. Bc4 Nb6 5. Bb3 e6 6. Nf3 Nc6 7. Bg5 Be7 8. Bxe7 Qxe7 9. 0-0 dxe5 10. dxe5 Bd7 11. Nc3 0-0-0 12. Qe2 f5 13. exf6 gxf6 14. Rad1 e5 15. Nd5 Nxd5 16. Bxd5 Qc5 17. Qc4 Qxc4 18. Bxc4 Na5 19. Bd3 Be6 20. b3 Nc6 21. a3 h6 22. Be4 Ne7 23. c4 a5 24. a4 c6 25. Bc2 Kc7 26. h3 Kb6 27. Rfe1 Bf5 28. Bxf5 Nxf5 29. g4 Ne7 30. Nd4 Rd6 31. Kg2 h5 32. f4 hxg4 33. hxg4 Rxd4 34. Rxd4 exd4 35. Rxe7 Kc5 36. Rxb7 Rd8 37. Kf2 d3 38. Ke1 Kd4 39. Kd2 Ke4 40. g5 f5 41. g6 Kxf4 42. g7 Ke4 43. Re7+ Kf4 44. Rf7 Rg8 45. Kxd3 c5 46. Rc7 Kg4 47. Ke2 f4 48. Kf2 Rd8 49. Rxc5 Rd2+ 50. Ke1 Rd8 51. Rxa5 f3 52. Re5 Kf4 53. Re7 Kg3 54. Rf7 Re8+ 55. Kf1 Rd8 56. Ke1 Re8+ 57. Kd2 f2 58. Rf8 Kh3 59. Rh8+ Kg2 60. Rxe8 1-0

[Event "Olsztyn op U18 blitz"]
[Site "Olsztyn"]
[Date "2013.08.03"]
[Round "5"]
[White "Musialkiewicz, Jan"]
[Black "Nowicki, Bartosz"]
[Result "0-1"]
[WhiteElo "2266"]
[BlackElo "2188"]
[PlyCount "98"]
[EventDate "2013.08.03"]
[EventType "swiss (blitz)"]
[EventRounds "22"]
[EventCountry "POL"]
[SourceTitle "CBM 155 Extra"]
[Source "ChessBase"]
[SourceDate "2013.08.26"]
[SourceVersion "1"]
[SourceVersionDate "2013.08.26"]
[SourceQuality "1"]

1. e4 c5 2. Nf3 d6 3. d4 cxd4 4. Nxd4 Nf6 5. Nc3 a6 6. h3 e5 7. Nde2 h5 8. g3 Be7 9. Bg2 Be6 10. 0-0 Nbd7 11. Be3 Rc8 12. f4 h4 13. g4 exf4 14. Nxf4 Ne5 15. g5 Nfd7 16. g6 Bg5 17. gxf7+ Bxf7 18. Kh1 0-0 19. Qe1 Nc4 20. Bd4 Nde5 21. b3 Na5 22. Qf2 Nac6 23. Be3 Qf6 24. Qd2 Qh6 25. Nce2 Kh8 26. Rae1 Bh5 27. Nd5 Bxe3 28. Qxe3 Rxf1+ 29. Bxf1 Bf3+ 30. Bg2 Qxe3 31. Nxe3 Nb4 32. Bxf3 Nxf3 33. Rd1 Rc6 34. c3 Nxa2 35. Nd5 Rc5 36. Rd3 Nc1 37. Rxf3 Nxe2 38. Rf8+ Kh7 39. Rb8 Nxc3 40. Nxc3 Rxc3 41. Rxb7 Rxh3+ 42. Kg2 Re3 43. Rb6 Rxe4 44. Rxd6 Rb4 45. Rd3 g5 46. Rc3 Rb5 47. Rd3 g4 48. Rd6 a5 49. Ra6 h3+ 0-1